Biblioteca y Centro de Documentación

Pymes y empleo en época de crisis (Registro nro. 22811)

Detalles MARC
000 -CABECERA
Longitud fija campo de control 01423nam a2200409 c 4500
001 - NÚMERO DE CONTROL
Número de control 22811
003 - IDENTIFICADOR DE NÚMERO DE CONTROL
Identificador del número de control ES-MaCES
005 - FECHA Y HORA DE LA ÚLTIMA TRANSACCIÓN
Fecha y hora de la última transacción 20150925133523.0
008 - CAMPO FIJO DE DESCRIPCIÓN FIJA--INFORMACIÓN GENERAL
Códigos de información de longitud fija   100203s2009 sp t o100 | spa d
035 ## - NÚMERO DE CONTROL DEL SISTEMA
Número de control del sistema CES20100000628m
040 ## - FUENTE DE CATALOGACIÓN
Centro catalogador de origen ES-MaCES
Lengua de catalogación spa
Centro transcriptor ES-MaCES
041 0# - CÓDIGO DE IDIOMA
Código de lengua del texto;banda sonora o título independiente spa
-- baq
100 1# - ENCABEZAMIENTO PRINCIPAL--NOMBRE PERSONAL
Nombre de persona Pimentel Siles, Manuel
9 (RLIN) 21023
245 10 - MENCIÓN DE TÍTULO
Título Pymes y empleo en época de crisis
Mención de responsabilidad, etc. transcripción de la ponencia de Manuel Pimentel, 16-10-2009 = Pyme eta enplegu krisialdian / Manuel Pimentelaren hitzaldiaren transkripzioa, 2009-10-16
260 ## - PUBLICACIÓN, DISTRIBUCIÓN, ETC (PIE DE IMPRENTA)
Lugar de publicación, distribución, etc. [Bilbao = Bilbon]
Nombre del editor, distribuidor, etc. CES
Fecha de publicación, distribución, etc. 2009
300 ## - DESCRIPCIÓN FÍSICA
Extensión 94 p. dupl.
Dimensiones 24 cm
490 1# - MENCIÓN DE SERIE
Mención de serie La tribuna del CES = EGABren tribuna
Designación de volumen o secuencia 04/09
500 ## - NOTA GENERAL
Nota general Texto en castellano y euskera
500 ## - NOTA GENERAL
Nota general Tít. tomado de ports. paralelas
541 ## - NOTA DE LA FUENTE INMEDIANTE DE ADQUISICIÓN
Forma de adquisición Gratuito
650 #4 - ASIENTO SECUNDARIO DE MATERIA--TÉRMINO DE MATERIA
Término de materia o nombre geográfico como elemento inicial pequeña empresa
9 (RLIN) 30173
650 #4 - ASIENTO SECUNDARIO DE MATERIA--TÉRMINO DE MATERIA
Término de materia o nombre geográfico como elemento inicial empleo
9 (RLIN) 28299
650 #4 - ASIENTO SECUNDARIO DE MATERIA--TÉRMINO DE MATERIA
Término de materia o nombre geográfico como elemento inicial crisis económica
9 (RLIN) 27102
650 #4 - ASIENTO SECUNDARIO DE MATERIA--TÉRMINO DE MATERIA
Término de materia o nombre geográfico como elemento inicial desempleo
9 (RLIN) 28308
650 #4 - ASIENTO SECUNDARIO DE MATERIA--TÉRMINO DE MATERIA
Término de materia o nombre geográfico como elemento inicial España
9 (RLIN) 26964
650 #4 - ASIENTO SECUNDARIO DE MATERIA--TÉRMINO DE MATERIA
Término de materia o nombre geográfico como elemento inicial País Vasco
9 (RLIN) 30799
650 #4 - ASIENTO SECUNDARIO DE MATERIA--TÉRMINO DE MATERIA
Término de materia o nombre geográfico como elemento inicial conferencia
9 (RLIN) 27013
653 10 - TÉRMINO DE INDEXACIÓN--NO CONTROLADO
Término no controlado Empresa
650 #4 - ASIENTO SECUNDARIO DE MATERIA--TÉRMINO DE MATERIA
9 (RLIN) 28078
Término de materia o nombre geográfico como elemento inicial ayuda estatal
650 #4 - ASIENTO SECUNDARIO DE MATERIA--TÉRMINO DE MATERIA
9 (RLIN) 30601
Término de materia o nombre geográfico como elemento inicial estrategia empresarial
710 2# - ENCABEZAMIENTO SECUNDARIO--NOMBRE CORPORATIVO
Nombre de entidad o nombre de jurisdicción como elemento inicial Consejo Económico y Social Vasco
Término indicativo de función ed.
9 (RLIN) 2447
740 02 - ENCABEZAMIENTO SECUNDARIO--TÍTULO ANALÍTICO/RELACIONADO NO CONTROLADO
Título relacionado o analítico no controlado Pyme eta enplegu krisialdian
830 #0 - ENCABEZAMIENTO SECUNDARIO DE COLECCIÓN--TÍTULO UNIFORME
Título uniforme La tribuna del CES = EGABren tribuna
Designación de volumen o secuencia 04/09
9 (RLIN) 34495
902 ## - CES. TIPO DE DOCUMENTO
Tipodoc (006$c Sirtex) LIB Libro
942 ## - ELEMENTOS KOHA
Fuente de clasificaión o esquema Clasificación propia del CES
Koha [por defecto] tipo de item Monografías
Parte de clasificación 0.0.
Existencias
Número de registro Signatura completa Tipo de item de Koha
076027 CES VASCO-34 Monografías
© CES, Consejo Económico y Social de España 2021